| 000 | 00838cam a2200265 a 4500 | ||
|---|---|---|---|
| 001 | 000009576 | ||
| 005 | 20200929161629.0 | ||
| 008 | 931129s1993 sp 000 0aspa | ||
| 010 | _a93236366 | ||
| 020 | _a8420481106 | ||
| 040 |
_aDO-SdBNP _cDLC _dBNPHU |
||
| 043 | _ae-sp--- | ||
| 082 |
_a863.62 _bM385i |
||
| 100 | 1 |
_aMartínez Sarrión, Antonio, _d1939- _924416 |
|
| 245 | 1 | 0 |
_aInfancia y corrupciones / _cAntonio Martínez Sarrión. |
| 260 |
_aMadrid : _bSantillana, _cc1993. |
||
| 300 |
_a328 p. ; _c22 cm. |
||
| 490 | 1 |
_aAlfaguara hispánica _v103 |
|
| 650 | 4 |
_aCuentos españoles _93194 |
|
| 650 | 4 |
_aLiteratura española _xChildhood and youth. _924417 |
|
| 650 | 4 |
_aAutores españoles _xSiglo xx _vBIOGRAFÍA _924418 |
|
| 830 | 0 |
_aAlfaguara hispánica ; _v103 _94764 |
|
| 910 | _aCatalogación por copia / LC | ||
| 049 | _aBNGR | ||
| 999 |
_c9336 _d9336 |
||